[Event "CZE-ch Seniors 50"]
[Site "Olomouc"]
[Date "2023.08.14"]
[Round "4"]
[White "Navratil, Jiri"]
[Black "Kucera, Jiri"]
[Result "1/2-1/2"]
[WhiteElo "1899"]
[BlackElo "1885"]
[PlyCount "112"]
[EventDate "2023.08.12"]
[EventType "swiss"]
[EventRounds "9"]
[EventCountry "CZE"]
[SourceTitle "EXT 2024"]
[Source "ChessBase"]
[SourceDate "2023.10.10"]
[SourceVersion "1"]
[SourceVersionDate "2023.10.10"]
[SourceQuality "1"]

1. d4 Nf6 2. Nf3 g6 3. Bf4 Bg7 4. c3 b6 5. h3 Bb7 6. Nbd2 0-0 7. e3 d6 8. Bc4 Nbd7 9. 0-0 c5 10. Re1 Rc8 11. Rc1 d5 12. Bd3 Ne4 13. Bxe4 dxe4 14. Ng5 e5 15. dxe5 Nxe5 16. Bxe5 Qxg5 17. Bxg7 Kxg7 18. Qa4 a6 19. Nxe4 Qh4 20. Nxc5 Qxa4 21. Nxa4 b5 22. Nb6 Rc6 23. Nd5 Rd6 24. e4 Bxd5 25. exd5 Rxd5 26. Rc2 Rfd8 27. g3 Rd1 28. Rxd1 Rxd1+ 29. Kg2 h5 30. h4 Kf6 31. b3 Ra1 32. c4 bxc4 33. bxc4 Ke7 34. c5 Kd7 35. c6+ Kc7 36. Kf3 Re1 37. Kf4 f6 38. f3 a5 39. Rc5 Re6 40. g4 hxg4 41. Kxg4 a4 42. Rc4 a3 43. Rc3 Rd6 44. Rxa3 Rxc6 45. Ra7+ Kd6 46. a4 Rc1 47. a5 Ke6 48. a6 Rg1+ 49. Kf4 Ra1 50. Rg7 Ra4+ 51. Kg3 Rxa6 52. Rxg6 Kf7 53. h5 Ra1 54. Kg4 Rh1 55. f4 Rh2 56. f5 Rh1 1/2-1/2

[Event "Klatovy op-C 29th"]
[Site "Klatovy"]
[Date "2023.07.06"]
[Round "6"]
[White "Kucera, Jiri"]
[Black "Burgermeister, Michal"]
[Result "1-0"]
[WhiteElo "1920"]
[BlackElo "1745"]
[PlyCount "43"]
[EventDate "2023.07.01"]
[EventType "swiss"]
[EventRounds "9"]
[EventCountry "CZE"]
[SourceTitle "CBM 215 Extra"]
[Source "ChessBase"]
[SourceDate "2023.09.30"]
[SourceVersion "1"]
[SourceVersionDate "2023.09.30"]
[SourceQuality "1"]

1. Nf3 c5 2. g3 Nc6 3. Bg2 d5 4. 0-0 Nf6 5. d3 g6 6. Nbd2 Bg7 7. e4 Bg4 8. h3 Bxf3 9. Qxf3 Nd4 10. Qd1 dxe4 11. dxe4 e5 12. Nc4 Qc7 13. c3 Nc6 14. Qd6 Rc8 15. Be3 b6 16. Rad1 Nh5 17. g4 Nf4 18. Bxf4 exf4 19. e5 Nxe5 20. Rfe1 f6 21. Qe6+ Kf8 22. Nxe5 1-0

[Event "Klatovy op-C 29th"]
[Site "Klatovy"]
[Date "2023.07.05"]
[Round "5"]
[White "Kucera, Jiri"]
[Black "Prachar, Josef"]
[Result "1-0"]
[WhiteElo "1920"]
[BlackElo "1732"]
[PlyCount "99"]
[EventDate "2023.07.01"]
[EventType "swiss"]
[EventRounds "9"]
[EventCountry "CZE"]
[SourceTitle "CBM 215 Extra"]
[Source "ChessBase"]
[SourceDate "2023.09.30"]
[SourceVersion "1"]
[SourceVersionDate "2023.09.30"]
[SourceQuality "1"]

1. e4 c5 2. d3 Nc6 3. g3 g6 4. Bg2 Bg7 5. Nf3 d6 6. 0-0 e6 7. c3 Nge7 8. Bg5 h6 9. Be3 0-0 10. Qd2 Kh7 11. d4 d5 12. e5 Nf5 13. Na3 Nxe3 14. fxe3 a6 15. Nc2 c4 16. e4 Ne7 17. Ne3 dxe4 18. Nh4 Bxe5 19. Nxc4 Bg7 20. Bxe4 f5 21. Bg2 Qc7 22. Qe2 g5 23. Nf3 Ng6 24. Rae1 Bd7 25. Nfe5 Nxe5 26. Nxe5 Be8 27. Qc2 Kg8 28. Qb3 Bf7 29. Nxf7 Qxf7 30. Rxe6 Kh8 31. Rfe1 Rab8 32. Bd5 Qh5 33. Qb6 f4 34. Re7 f3 35. Rf1 g4 36. Qe6 Rbd8 37. Bb3 Rde8 38. Rxe8 Qxe8 39. Qxe8 Rxe8 40. Bc4 Re7 41. Kf2 h5 42. h3 Bh6 43. hxg4 hxg4 44. Re1 Rxe1 45. Kxe1 Kg7 46. Be6 Bc1 47. Bxg4 f2+ 48. Kxf2 Bxb2 49. Ke3 Bxc3 50. Bc8 1-0

[Event "Klatovy op-C 29th"]
[Site "Klatovy"]
[Date "2023.07.01"]
[Round "1"]
[White "Hanzlik, Jiri"]
[Black "Kucera, Jiri"]
[Result "0-1"]
[WhiteElo "1585"]
[BlackElo "1920"]
[PlyCount "63"]
[EventDate "2023.07.01"]
[EventType "swiss"]
[EventRounds "9"]
[EventCountry "CZE"]
[SourceTitle "CBM 215 Extra"]
[Source "ChessBase"]
[SourceDate "2023.09.30"]
[SourceVersion "1"]
[SourceVersionDate "2023.09.30"]
[SourceQuality "1"]

1. c4 g6 2. Nc3 Bg7 3. Qc2 Nc6 4. e3 e5 5. Be2 d6 6. d3 f5 7. Bd2 Nf6 8. a3 0-0 9. b4 Kh8 10. Bf3 e4 11. Be2 exd3 12. Bxd3 Ne5 13. Be2 Be6 14. Rc1 Nxc4 15. Bxc4 Bxc4 16. Nge2 c6 17. 0-0 Qe7 18. Rfe1 Ng4 19. h3 Ne5 20. Red1 Nd3 21. Rb1 Qh4 22. Be1 Nxe1 23. Rxe1 d5 24. Nf4 Rae8 25. Nd3 Bxd3 26. Qxd3 f4 27. exf4 Rxe1+ 28. Rxe1 Qxf4 29. f3 Qd4+ 30. Re3 Re8 31. Nd1 Rxe3 32. Nxe3 0-1

[Event "Prague Golden Rapid op"]
[Site "Prague"]
[Date "2023.06.17"]
[Round "8"]
[White "Burdalev, Kirill"]
[Black "Kucera, Jiri"]
[Result "1-0"]
[WhiteElo "2324"]
[BlackElo "1842"]
[PlyCount "49"]
[EventDate "2023.06.17"]
[EventType "swiss (rapid)"]
[EventRounds "9"]
[EventCountry "CZE"]
[SourceTitle "CBM 215 Extra"]
[Source "ChessBase"]
[SourceDate "2023.09.30"]
[SourceVersion "1"]
[SourceVersionDate "2023.09.30"]
[SourceQuality "1"]

1. d4 Nf6 2. c4 e6 3. g3 d5 4. Bg2 b6 5. cxd5 exd5 6. Nf3 Bb7 7. Nc3 h6 8. Ne5 Bd6 9. 0-0 0-0 10. Bf4 Nbd7 11. Qb3 c6 12. Nxc6 Bxc6 13. Bxd6 Re8 14. e3 Rc8 15. Rac1 Nf8 16. Qa3 Qd7 17. Rc2 Ng6 18. Rfc1 Re6 19. Bh3 Bb7 20. Be5 Qe8 21. Qxa7 Re7 22. Bxf6 gxf6 23. Qxb6 Rc6 24. Qb4 Bc8 25. Nxd5 1-0

[Event "Olomouc Seniors op"]
[Site "Olomouc"]
[Date "2022.08.14"]
[Round "3"]
[White "Bartos, Jan"]
[Black "Kucera, Jiri"]
[Result "1-0"]
[WhiteElo "2137"]
[BlackElo "1967"]
[PlyCount "57"]
[EventDate "2022.08.13"]
[EventType "swiss"]
[EventRounds "9"]
[EventCountry "CZE"]
[SourceTitle "CBM 209 Extra"]
[Source "ChessBase"]
[SourceDate "2022.09.30"]
[SourceVersion "1"]
[SourceVersionDate "2022.09.30"]
[SourceQuality "1"]

1. d4 d5 2. Nf3 Nf6 3. c4 c6 4. e3 g6 5. Nc3 Bg7 6. Be2 0-0 7. 0-0 Bg4 8. cxd5 cxd5 9. Qb3 Bc8 10. Bd2 Nc6 11. Rfc1 e6 12. Na4 Ne4 13. Be1 Na5 14. Qa3 Nc4 15. Bxc4 dxc4 16. Bb4 Re8 17. Nc5 Nd6 18. Nd2 b6 19. Nce4 Nb5 20. Qa4 Bd7 21. Qa6 f5 22. Ng3 Qc8 23. Qxc8 Raxc8 24. Nxc4 a5 25. Bd2 Rb8 26. a4 Na7 27. Nd6 Red8 28. Rc7 Nc6 29. Nb7 1-0

[Event "Olomouc Seniors op"]
[Site "Olomouc"]
[Date "2022.08.14"]
[Round "2"]
[White "Kucera, Jiri"]
[Black "Loibl, Johann"]
[Result "1/2-1/2"]
[WhiteElo "1967"]
[BlackElo "1784"]
[PlyCount "83"]
[EventDate "2022.08.13"]
[EventType "swiss"]
[EventRounds "9"]
[EventCountry "CZE"]
[SourceTitle "CBM 209 Extra"]
[Source "ChessBase"]
[SourceDate "2022.09.30"]
[SourceVersion "1"]
[SourceVersionDate "2022.09.30"]
[SourceQuality "1"]

1. e4 e5 2. Nc3 Nc6 3. g3 Bc5 4. Bg2 d6 5. Na4 Bb6 6. Nxb6 axb6 7. Ne2 Nf6 8. 0-0 0-0 9. d4 h6 10. h3 Bd7 11. Be3 exd4 12. Nxd4 Re8 13. f3 d5 14. exd5 Nxd5 15. Bf2 Ne3 16. Bxe3 Rxe3 17. Qd2 Qe7 18. Nxc6 Bxc6 19. Kf2 Re8 20. Rfe1 Rxe1 21. Rxe1 Qc5+ 22. Re3 Rxe3 23. Qxe3 Qxc2+ 24. Qe2 Qc5+ 25. Qe3 f5 26. Bf1 Kf7 27. b3 Kf6 28. Bc4 Qxe3+ 29. Kxe3 g5 30. f4 Bg2 31. h4 gxh4 32. gxh4 Be4 33. a4 Kg6 34. Kf2 Kf6 35. Ke3 Ke7 36. Kd4 Kd6 37. Bf7 c6 38. Bg8 Bd5 39. Bxd5 cxd5 40. b4 h5 41. Kd3 Kc6 42. Kd4 1/2-1/2

[Event "EU-ch Online U2300 Qual"]
[Site "Chess.com INT"]
[Date "2020.05.25"]
[Round "7"]
[White "Horak, Jiri"]
[Black "Kucera, Jiri"]
[Result "1-0"]
[WhiteElo "2176"]
[BlackElo "2019"]
[PlyCount "117"]
[EventDate "2020.05.25"]
[EventType "swiss"]
[EventRounds "8"]
[EventCountry "NET"]
[SourceTitle "EXT 2021"]
[Source "ChessBase"]
[SourceDate "2020.10.23"]
[SourceVersion "1"]
[SourceVersionDate "2020.10.23"]
[SourceQuality "1"]

1. e4 c5 2. c3 d6 3. d4 Nd7 4. Nf3 e5 5. Nbd2 Ngf6 6. Bc4 Be7 7. 0-0 0-0 8. a4 b6 9. Qb3 h6 10. dxe5 Nxe5 11. Nxe5 dxe5 12. Nf3 Qc7 13. Re1 Bb7 14. Bd5 Nxd5 15. exd5 Bd6 16. c4 f5 17. h3 e4 18. Nd2 Rae8 19. Nf1 Kh8 20. a5 bxa5 21. Qb5 a6 22. Qxa5 Qxa5 23. Rxa5 f4 24. Nd2 Bc7 25. Ra3 e3 26. fxe3 Be5 27. Nf3 fxe3 28. Raxe3 Bd4 29. Nxd4 Rxe3 30. Bxe3 cxd4 31. Bxd4 Rc8 32. b3 Rc7 33. d6 Rd7 34. Re7 Rxe7 35. dxe7 Bc6 36. g3 Kg8 37. h4 Kf7 38. Bc5 g6 39. Kf2 Ke6 40. Ke3 Kf5 41. Bd6 Ke6 42. Bf4 h5 43. Bg5 Kf5 44. Kd4 Kg4 45. Bf4 Kf5 46. Kc5 Be8 47. Kb6 Ke6 48. Bg5 Kd6 49. Kxa6 Kc5 50. Ka5 Bd7 51. Bc1 Be8 52. Ba3+ Kd4 53. Kb4 Ke5 54. Kc5 Ke6 55. Kb6 Ke5 56. Bc5 Ke4 57. Bd6 Kd4 58. c5 Kd5 59. b4 1-0

[Event "EU-ch Online U2300 Qual"]
[Site "Chess.com INT"]
[Date "2020.05.25"]
[Round "4"]
[White "Kresz, Adam"]
[Black "Kucera, Jiri"]
[Result "1-0"]
[WhiteElo "2138"]
[BlackElo "2019"]
[PlyCount "69"]
[EventDate "2020.05.25"]
[EventType "swiss"]
[EventRounds "8"]
[EventCountry "NET"]
[SourceTitle "EXT 2021"]
[Source "ChessBase"]
[SourceDate "2020.10.23"]
[SourceVersion "1"]
[SourceVersionDate "2020.10.23"]
[SourceQuality "1"]

1. e4 c5 2. Nf3 e6 3. d3 Nc6 4. Nbd2 g6 5. g3 Bg7 6. Bg2 d5 7. 0-0 Nge7 8. Re1 0-0 9. Qe2 Qc7 10. Nf1 Nd4 11. Nxd4 cxd4 12. Bf4 e5 13. exd5 Nxd5 14. Bxe5 Bxe5 15. Qxe5 Qxe5 16. Rxe5 Nb4 17. a3 Nc6 18. Rc5 Bd7 19. b4 a6 20. Nd2 Rac8 21. Nc4 Rc7 22. a4 Ra8 23. Nb6 Rd8 24. b5 Be8 25. bxc6 bxc6 26. Re1 Kf8 27. a5 Rd6 28. Nc4 Re6 29. Rxe6 fxe6 30. Ne5 Rb7 31. f4 Rb5 32. Rxb5 cxb5 33. Bc6 b4 34. Bxe8 Kxe8 35. Nc6 1-0

[Event "Marianske Lazne op 50+"]
[Site "Marianske Lazne"]
[Date "2019.01.26"]
[Round "9"]
[White "Kucera, Jiri"]
[Black "Van Kesteren, Stef"]
[Result "1-0"]
[WhiteElo "1939"]
[BlackElo "1853"]
[PlyCount "35"]
[EventDate "2019.01.19"]
[EventType "swiss"]
[EventRounds "9"]
[EventCountry "CZE"]
[SourceTitle "CBM 188 Extra"]
[Source "ChessBase"]
[SourceDate "2019.02.26"]
[SourceVersion "1"]
[SourceVersionDate "2019.02.26"]
[SourceQuality "1"]

1. e4 Nc6 2. Nf3 Nf6 3. e5 Ng4 4. d4 d6 5. h3 Nh6 6. Bb5 a6 7. Bxc6+ bxc6 8. 0-0 g6 9. Bf4 Rb8 10. Re1 Nf5 11. Nbd2 c5 12. exd6 cxd6 13. Ne4 e6 14. dxc5 Rxb2 15. g4 Nh4 16. Nxh4 Qxh4 17. Bg5 Qxh3 18. Re3 1-0

[Event "Marianske Lazne op 50+"]
[Site "Marianske Lazne"]
[Date "2019.01.24"]
[Round "7"]
[White "Schatz, Christian"]
[Black "Kucera, Jiri"]
[Result "1-0"]
[WhiteElo "2159"]
[BlackElo "1939"]
[PlyCount "116"]
[EventDate "2019.01.19"]
[EventType "swiss"]
[EventRounds "9"]
[EventCountry "CZE"]
[SourceTitle "CBM 188 Extra"]
[Source "ChessBase"]
[SourceDate "2019.02.26"]
[SourceVersion "1"]
[SourceVersionDate "2019.02.26"]
[SourceQuality "1"]

1. Nf3 Nf6 2. d4 e6 3. g3 b6 4. Bg2 Bb7 5. 0-0 c5 6. c4 d6 7. Nc3 Be7 8. d5 exd5 9. Nh4 Qc8 10. cxd5 0-0 11. e4 Nbd7 12. Nf5 Re8 13. Nb5 Qb8 14. Bf4 Ne5 15. Bxe5 dxe5 16. Re1 a6 17. d6 axb5 18. Nxe7+ Kf8 19. Qd2 h6 20. Nf5 Kg8 21. b3 Qd8 22. Rad1 Qd7 23. h3 Kh7 24. g4 g5 25. f3 Bc6 26. h4 Rg8 27. Re2 Rg6 28. hxg5 Rxg5 29. Bh3 Rag8 30. Kf2 b4 31. Rh1 h5 32. Ke1 Rxf5 33. gxf5 Rg3 34. Rg2 Rxg2 35. Bxg2 Qd8 36. Bf1 Qg8 37. Rh2 Qg3+ 38. Qf2 Qf4 39. Qh4 Qc1+ 40. Kf2 Qd2+ 41. Kg1 Qe3+ 42. Qf2 Qxf2+ 43. Rxf2 Kg7 44. Rd2 Nd7 45. Kf2 Kf6 46. Ke3 Kg7 47. Rg2+ Kf8 48. a3 bxa3 49. Ra2 Ke8 50. Rxa3 Kd8 51. Ra7 f6 52. Rc7 Nb8 53. Bc4 Be8 54. Be6 Nd7 55. Kf2 b5 56. Kg3 h4+ 57. Kxh4 c4 58. bxc4 b4 1-0

[Event "Marianske Lazne op 50+"]
[Site "Marianske Lazne"]
[Date "2019.01.22"]
[Round "4"]
[White "Baum, Bernd"]
[Black "Kucera, Jiri"]
[Result "1/2-1/2"]
[WhiteElo "2204"]
[BlackElo "1939"]
[PlyCount "114"]
[EventDate "2019.01.19"]
[EventType "swiss"]
[EventRounds "9"]
[EventCountry "CZE"]
[SourceTitle "CBM 188 Extra"]
[Source "ChessBase"]
[SourceDate "2019.02.26"]
[SourceVersion "1"]
[SourceVersionDate "2019.02.26"]
[SourceQuality "1"]

1. c4 f5 2. Nc3 Nf6 3. g3 e6 4. Bg2 d5 5. d4 c6 6. Nf3 Be7 7. 0-0 0-0 8. b3 Ne4 9. Qc2 Nd7 10. e3 Ndf6 11. Ne2 Bd7 12. Ne5 g5 13. f3 Nd6 14. c5 Nf7 15. Nd3 Qc7 16. Bb2 g4 17. f4 Ne4 18. b4 Bf6 19. Bc3 Kh8 20. Rfb1 Rg8 21. a4 a6 22. Ne5 Nxe5 23. dxe5 Be7 24. Bd4 h5 25. Bxe4 dxe4 26. Nc1 h4 27. Nb3 hxg3 28. hxg3 Kg7 29. Kg2 Rh8 30. Rh1 Rxh1 31. Rxh1 Rh8 32. Rxh8 Kxh8 33. Na5 Kg7 34. Qc1 Qb8 35. Nc4 Qh8 36. Qh1 Qxh1+ 37. Kxh1 Kf8 38. Na5 Bc8 39. Kg2 Ke8 40. Kf2 Kd8 41. Ke2 Kc7 42. Nc4 Bd7 43. Bc3 Kb8 44. Kd1 Bd8 45. Kc2 Ka7 46. Kb3 Be8 47. Bd2 Bd7 48. Kc3 Be8 49. Nd6 Bd7 50. Kc4 Be7 51. Bc3 Bd8 52. Kb3 Be7 53. Nc4 Bd8 54. Na3 Be7 55. Kc4 Bd8 56. Nc2 Be7 57. Kd4 Bd8 1/2-1/2

[Event "Marianske Lazne op 50+"]
[Site "Marianske Lazne"]
[Date "2019.01.20"]
[Round "2"]
[White "Truksa, Vaclav"]
[Black "Kucera, Jiri"]
[Result "1/2-1/2"]
[WhiteElo "1802"]
[BlackElo "1939"]
[PlyCount "148"]
[EventDate "2019.01.19"]
[EventType "swiss"]
[EventRounds "9"]
[EventCountry "CZE"]
[SourceTitle "CBM 188 Extra"]
[Source "ChessBase"]
[SourceDate "2019.02.26"]
[SourceVersion "1"]
[SourceVersionDate "2019.02.26"]
[SourceQuality "1"]

1. d4 Nf6 2. Nf3 g6 3. e3 Bg7 4. Bd3 d5 5. Nbd2 0-0 6. 0-0 b6 7. Re1 c5 8. c3 Bb7 9. e4 dxe4 10. Nxe4 cxd4 11. cxd4 Nc6 12. Nxf6+ Bxf6 13. Be4 Qd7 14. Bf4 Nb4 15. Bxb7 Qxb7 16. Qb3 Nd5 17. Bg5 Bg7 18. Rad1 Rac8 19. a4 a6 20. h3 Rc7 21. Bh4 Rfc8 22. Ne5 Rc2 23. Bg3 e6 24. Ng4 h5 25. Ne3 Nxe3 26. Rxe3 Rc1 27. Red3 Rxd1+ 28. Rxd1 Rd8 29. Be5 Qd5 30. Qxd5 Rxd5 31. Rc1 Bxe5 32. dxe5 Rxe5 33. Rc6 Ra5 34. Rxb6 Rxa4 35. g3 a5 36. Ra6 Rb4 37. Rxa5 Rxb2 38. Ra7 Kg7 39. Rc7 g5 40. Ra7 Kg6 41. Ra6 Rd2 42. Rb6 Kf5 43. Rb5+ Rd5 44. Rb7 f6 45. Rb4 e5 46. Ra4 Rd4 47. Ra3 e4 48. Ra5+ Kg6 49. Rb5 Rd1+ 50. Kg2 Rd2 51. Rb3 h4 52. g4 Rd3 53. Rb2 e3 54. fxe3 Rxe3 55. Ra2 Kf7 56. Ra6 Re7 57. Rb6 Re6 58. Rxe6 Kxe6 59. Kf3 Kd5 60. Ke3 Ke5 61. Kf3 Kd4 62. Kf2 Kd3 63. Kf3 Kd4 64. Kf2 Ke4 65. Ke2 Kf4 66. Kf2 f5 67. gxf5 Kxf5 68. Kf3 g4+ 69. hxg4+ Kg5 70. Kg2 Kxg4 71. Kh2 h3 72. Kh1 Kg3 73. Kg1 h2+ 74. Kh1 Kh3 1/2-1/2

[Event "Stare Mesto op"]
[Site "Stare Mesto"]
[Date "2018.08.21"]
[Round "4"]
[White "Nekarda, Jan"]
[Black "Kucera, Jiri"]
[Result "1-0"]
[WhiteElo "1640"]
[BlackElo "2013"]
[PlyCount "63"]
[EventDate "2018.08.18"]
[EventType "swiss"]
[EventRounds "9"]
[EventCountry "CZE"]
[SourceTitle "CBM 186 Extra"]
[Source "ChessBase"]
[SourceDate "2018.08.24"]
[SourceVersion "1"]
[SourceVersionDate "2018.08.24"]
[SourceQuality "1"]

1. e4 c5 2. c3 d6 3. d4 Nd7 4. Nf3 e6 5. Be2 Ngf6 6. e5 dxe5 7. dxe5 Nd5 8. c4 Nb4 9. a3 Nc6 10. Bf4 Qc7 11. Qa4 g5 12. Bxg5 Bg7 13. Nc3 Ndxe5 14. Nb5 Nxf3+ 15. Bxf3 Qe5+ 16. Be3 0-0 17. Bxc6 bxc6 18. Nc3 Rb8 19. Rb1 Qxc3+ 20. bxc3 Rxb1+ 21. Ke2 Rxh1 22. Bxc5 Rd8 23. Qxc6 Bxc3 24. Be7 Re1+ 25. Kf3 Rd3+ 26. Kf4 Bd7 27. Qa8+ Kg7 28. f3 e5+ 29. Kg5 f6+ 30. Kh5 Kf7 31. Qf8+ Ke6 32. Qxf6# 1-0

[Event "Wch Seniors 50 26th"]
[Site "Marianske Lazne"]
[Date "2016.11.23"]
[Round "5"]
[White "Maslak, Alexander"]
[Black "Kucera, Jiri"]
[Result "1-0"]
[WhiteElo "2186"]
[BlackElo "1958"]
[PlyCount "75"]
[EventDate "2016.11.19"]
[EventType "swiss"]
[EventRounds "11"]
[EventCountry "CZE"]
[SourceTitle "CBM 175 Extra"]
[Source "ChessBase"]
[SourceDate "2016.12.12"]
[SourceVersion "1"]
[SourceVersionDate "2016.12.12"]
[SourceQuality "1"]

1. e4 c5 2. Nf3 e6 3. d4 cxd4 4. Nxd4 Nc6 5. Nc3 Qc7 6. g3 a6 7. Bg2 Nf6 8. 0-0 Bc5 9. Nb3 Be7 10. f4 d6 11. a4 Na5 12. Nxa5 Qxa5 13. Be3 0-0 14. Qd2 Qc7 15. a5 Bd7 16. Bb6 Qb8 17. e5 Ne8 18. Rfd1 Bc6 19. Bxc6 bxc6 20. exd6 Nxd6 21. Na4 Nc4 22. Qc3 Nxb6 23. Nxb6 Ra7 24. Nd7 Qb5 25. Nxf8 Kxf8 26. Qd3 Qc5+ 27. Kg2 g6 28. c3 Rb7 29. b4 Qd5+ 30. Qf3 Qb5 31. Rab1 Qc4 32. Qd3 Qd5+ 33. Kg1 Kg7 34. Qxa6 Bc5+ 35. bxc5 Qxc5+ 36. Kf1 Rxb1 37. Rxb1 Qxc3 38. Qe2 1-0

[Event "Olomouc op 17th"]
[Site "Olomouc"]
[Date "2014.08.02"]
[Round "3"]
[White "Kucera, Jiri"]
[Black "Schmidt, Tommy B"]
[Result "0-1"]
[WhiteElo "1934"]
[BlackElo "2206"]
[PlyCount "54"]
[EventDate "2014.07.31"]
[EventType "swiss"]
[EventRounds "9"]
[EventCountry "CZE"]
[SourceTitle "CBM 161 Extra"]
[Source "ChessBase"]
[SourceDate "2014.08.29"]
[SourceVersion "1"]
[SourceVersionDate "2014.08.29"]
[SourceQuality "1"]

1. Nf3 Nf6 2. g3 g6 3. Bg2 Bg7 4. 0-0 0-0 5. c4 d6 6. Nc3 e5 7. d3 Nc6 8. Rb1 a5 9. a3 h6 10. b4 axb4 11. axb4 Be6 12. b5 Ne7 13. e4 Nd7 14. Be3 f5 15. Nd5 Kh7 16. b6 cxb6 17. Bxb6 Nxb6 18. Nxb6 Ra3 19. Rb3 Ra7 20. Qe2 Nc6 21. Rfb1 f4 22. Nd5 Bg4 23. h3 Nd4 24. Qd1 Bxf3 25. Bxf3 fxg3 26. Bg2 Nxb3 27. Qxb3 Rxf2 0-1